Validez constitucional del DNU 70/2023 : (Registro nro. 6182)
[ vista simple ]
| 000 -LEADER | |
|---|---|
| fixed length control field | 01129nabaa22002177a 4500 |
| 003 - CONTROL NUMBER IDENTIFIER | |
| control field | OSt |
| 005 - DATE AND TIME OF LATEST TRANSACTION | |
| control field | 20260125002037.0 |
| 008 - FIXED-LENGTH DATA ELEMENTS--GENERAL INFORMATION | |
| fixed length control field | 190701b xxu||||| |||| 00| 0 spa d |
| 040 ## - CATALOGING SOURCE | |
| Transcribing agency | PJ |
| 100 ## - MAIN ENTRY--PERSONAL NAME | |
| 9 (RLIN) | 6924 |
| Personal name | Bonadeo, Mariela |
| 245 13 - TITLE STATEMENT | |
| Title | Validez constitucional del DNU 70/2023 : |
| Remainder of title | análisis de los pronunciamientos de la Corte Suprema y tribunales inferiores / |
| Statement of responsibility, etc | Mariela Bonadeo. |
| 300 ## - PHYSICAL DESCRIPTION | |
| Extent | p. 67-94 |
| 500 ## - GENERAL NOTE | |
| General note | Cita: TR LALEY AR/DOC/1894/2024 |
| 505 ## - FORMATTED CONTENTS NOTE | |
| Formatted contents note | Sumario: I. Introducción.— II. Génesis y evolución de los decretos de necesidad y urgencia.— III. El control de constitucionalidad.— IV. La noción de caso o causa judicial.— V. Análisis de algunas causas que versan sobre el DNU 70/2023.— VI. Conclusiones. |
| 505 ## - FORMATTED CONTENTS NOTE | |
| Title | ¿Te interesa el texto completo? Comunicate al correo: koha@justierradelfuego.gov.ar |
| 650 #0 - SUBJECT ADDED ENTRY--TOPICAL TERM | |
| 9 (RLIN) | 211 |
| Topical term or geographic name as entry element | DERECHO ADMINISTRATIVO |
| 650 #0 - SUBJECT ADDED ENTRY--TOPICAL TERM | |
| Topical term or geographic name as entry element | ADMINISTRACION PUBLICA |
| 9 (RLIN) | 877 |
| 650 #0 - SUBJECT ADDED ENTRY--TOPICAL TERM | |
| Topical term or geographic name as entry element | DECRETOS DE NECESIDAD Y URGENCIA |
| 9 (RLIN) | 200 |
| 773 0# - HOST ITEM ENTRY | |
| Host Biblionumber | 2842 |
| Host Itemnumber | 3251 |
| Place, publisher, and date of publication | Buenos Aires : AbeledoPerrot, 2012- |
| Other item identifier | DA121 |
| Title | Derecho administrativo. Nº 154 julio/agosto 2024 |
| International Standard Book Number | 18510590 |
| 942 ## - ADDED ENTRY ELEMENTS (KOHA) | |
| Source of classification or shelving scheme | |
| Koha item type | Analítica Artículo de Revista |
No hay ítems disponibles.
